Geography Quiz

Random Geography or City Quiz

World Cities Match 'Em Up Quiz Stats

 Plays Quiz Updated Sep 27, 2018

Challenge
Share
Tweet
Score 0/30 Timer 04:00
2 Plays Today
% Correct
New York
97.4%
Madrid
95.7%
Toronto
95.7%
Sydney
95.4%
Rome
94.4%
Moscow
93.9%
Berlin
93.8%
Shanghai
93.6%
Paris
92.8%
London
91.5%
São Paulo
91.1%
Tokyo
90.8%
Mumbai
87.7%
Zürich
85.6%
Ho Chi Minh City
85.1%
% Correct
Mexico City
84.6%
Cairo
83.7%
Warsaw
82.8%
Istanbul
77.1%
Athens
76.9%
Buenos Aires
67.1%
Johannesburg
61.7%
Oslo
54.2%
Karachi
52.1%
Zagreb
46.3%
Jakarta
41.9%
Prague
41.5%
Bratislava
39.8%
Colombo
32.8%
Bishkek
27.2%

You're not logged in!

Compare scores with friends on all Sporcle quizzes.
OR
Log In

You Might Also Like...

Show Comments

Extras

Top Quizzes Today


Score Distribution

Your Account Isn't Verified!

In order to create a playlist on Sporcle, you need to verify the email address you used during registration. Go to your Sporcle Settings to finish the process.

Report this User

Report this user for behavior that violates our Community Guidelines.

Details: